Conference on Protection Against Radon at Home and at Work : Prague, Czech Republic : book of abstracts /

Nový název: ... International Conference on Protection Against Radon at Home and at Work
Korporativní autor: České vysoké učení technické v Praze. Jaderná a fyzikálně inženýrská fakulta
Další autoři: Protection Against Radon at Home and at Work (konference), International Workshop on the Geological Aspects of Radon Risk Mapping
Jazyk: Angličtina
Vydáno: Prague : Czech Technical University, Faculty of Nuclear Sciences and Physical Engineering, [1995?]-2013
Témata:
Fyzický popis: ^^^svazků ; 21-30 cm
Odebírané svazky: 2007, 2010, 2013
Noviny a časopisy
Uloženo v:
LEADER 03251nas a2200697 i 4500
001 nkc20081824215
003 CZ PrNK
005 20200107104953.0
007 ta
008 081015d19952013xr hr 1 a0eng
015 |a cnb001824215 
035 |a (OCoLC)276818604 
040 |a ABA001  |b cze  |d BOA001  |e rda 
072 7 |a 699.8  |x Ochrana budov  |2 Konspekt  |9 19 
080 |a 546.296  |2 MRF 
080 |a 614  |2 MRF 
080 |a 699.871:546.296  |2 MRF 
080 |a (062.534)  |2 MRF 
080 |a (048.3)  |2 MRF 
111 2 |a Protection Against Radon at Home and at Work (konference)  |7 kn20081016006  |4 aut 
245 1 0 |a Conference on Protection Against Radon at Home and at Work :  |b Prague, Czech Republic : book of abstracts /  |c organized by Czech Technical University in Prague, Faculty of Nuclear Sciences and Physical Engineering 
246 3 0 |a Protection Against Radon at Home and at Work 
247 1 0 |a European Conference on Protection Against Radon at Home and at Work  |f 2004 
264 1 |a Prague :  |b Czech Technical University, Faculty of Nuclear Sciences and Physical Engineering,  |c [1995?]-2013 
300 |a ^^^svazků ;  |c 21-30 cm 
310 |a 1x za 3 roky 
336 |a text  |b txt  |2 rdacontent 
337 |a bez média  |b n  |2 rdamedia 
338 |a svazek  |b nc  |2 rdacarrier 
362 0 |a [2008?]-2013 
500 |a Součástí názvu je řadová číslovka, součástí podnázvu je datum 
500 |a Na obálce nebo hřbetě též uvedeno: Radon ... 
500 |a Pořadatelé se mění 
500 |a Jednotlivé svazky mají ISBN 
541 |c pv-r 
588 |a Popsáno podle: ročník 2007  |5 CZ-PrNK 
650 0 7 |a radon  |7 ph124996  |x zdravotní aspekty  |2 czenas 
650 0 7 |a ochrana budov proti radonu  |7 ph138655  |2 czenas 
650 0 9 |a radon  |x health aspects  |2 eczenas 
650 0 9 |a radon protection of buildings  |2 eczenas 
655 7 |a sborníky konferencí  |7 fd133333  |2 czenas 
655 7 |a abstrakta  |7 fd131780  |2 czenas 
655 9 |a proceedings of conferences  |2 eczenas 
655 9 |a abstracts  |2 eczenas 
710 2 |a České vysoké učení technické v Praze.  |b Jaderná a fyzikálně inženýrská fakulta  |7 kn20010710178  |4 orm 
711 2 |a International Workshop on the Geological Aspects of Radon Risk Mapping  |7 kn20061114012  |4 aut 
740 0 2 |a Radon ... 
740 0 2 |a Radon ... and ... GARRM ... 
785 0 0 |t ... International Conference on Protection Against Radon at Home and at Work 
902 |a 80-01-03009-1  |q (2004 ;  |q brožováno) 
902 |a 978-80-01-03783-6  |q (2007 ;  |q brožováno) 
902 |a 978-80-01-04603-6  |q (2010 ;  |q brožováno) 
902 |a 978-80-01-05324-9  |q (2013 ;  |q brožováno) 
910 2 |a BOA001  |b 00098-1184.466  |s 2007, 2010, 2013 
920 |a 000866439 
928 9 |a České vysoké učení technické, Fakulta jaderná a fyzikálně inženýrská 
990 |a SE 
995 |a 01 
996 6 |b 2610319125  |c 00098-1184.466  |d 2007  |v 2007  |y 2007  |l MZK  |r Sklad / do 1 hodiny  |n 1  |p p.v.  |w 000866439  |u 000010  |a 1  |e BOA001  |j MZK50  |s P 
996 6 |b 2610454087  |c 00098-1184.466  |d 2010  |v 6  |y 2010  |l MZK  |r Sklad / do 1 hodiny  |n 0  |p p.v.  |w 000866439  |u 000030  |a 1  |e BOA001  |j MZK50  |s P 
996 6 |b 2610561635  |c 00098-1184.466  |d 2013  |v 7  |y 2013  |l MZK  |r Sklad / do 1 hodiny  |n 0  |p p.v.  |w 000866439  |u 000040  |a 1  |e BOA001  |j MZK50  |s P